AI và kỷ nguyên máy móc mới = AI, analytics, and the new machine age

Giới thiệu những bí quyết trong chiến lược quản lý công nghệ có sự trợ giúp của người máy (trí tuệ nhân tạo): AI trong thế giới thực, CEO của Stitch fix chia sẻ về bán hàng theo phong cách cá nhân cho chiến lược thu hút thị trường, thuật...

সম্পূর্ণ বিবরণ

সংরক্ষণ করুন:
গ্রন্থ-পঞ্জীর বিবরন
অন্যান্য লেখক: An Tri (Dịch), Davenport, Thomas H., Ronanki, Rajeev, Lake, Katrina
বিন্যাস: গ্রন্থ
ভাষা:Vietnamese
প্রকাশিত: H. Thông tin và truyền thông 2022
মালা:Harvard Business Review
বিষয়গুলি:
ট্যাগগুলো: ট্যাগ যুক্ত করুন
কোনো ট্যাগ নেই, প্রথমজন হিসাবে ট্যাগ করুন!
Thư viện lưu trữ: Thư viện Trường Đại học Nam Cần Thơ
LEADER 01652nam a22002537a 4500
001 NCT_4_020221
008 250517b xxu||||| |||| 00| 0 vie d
999 |c 8987  |d 8987 
020 |a 9786048069896  |c 269000 
082 0 4 |2 23rd ed.  |a 658.4038  |b A103V 
245 0 0 |a AI và kỷ nguyên máy móc mới  |b = AI, analytics, and the new machine age   |c Thomas H. Davenport, ... [et al.] ; An Tri (Dịch) 
260 |a H.  |b Thông tin và truyền thông  |c 2022 
300 |a 156 tr.  |b Minh họa  |c 27 cm 
490 0 |a Harvard Business Review 
520 3 |a Giới thiệu những bí quyết trong chiến lược quản lý công nghệ có sự trợ giúp của người máy (trí tuệ nhân tạo): AI trong thế giới thực, CEO của Stitch fix chia sẻ về bán hàng theo phong cách cá nhân cho chiến lược thu hút thị trường, thuật toán cũng cần người quản lý, marketing trong kỷ nguyên Alexa, Drone trong cuông việc, sự thật về blockchain, công nghệ in 3D... 
653 |a Quản trị kinh doanh 
700 0 |a An Tri  |e Dịch 
700 1 |a Davenport, Thomas H.  
700 1 |a Ronanki, Rajeev  
700 1 |a Lake, Katrina  
942 |2 ddc  |c BK 
952 |0 0  |1 0  |2 ddc  |4 0  |6 658_403800000000000_A103V  |7 0  |9 30769  |a 000001  |b 000001  |d 2025-05-17  |o 658.4038 A103V  |p MD.23889  |r 2025-05-17  |v 269000.00  |w 2025-05-17  |y BK 
952 |0 0  |1 0  |2 ddc  |4 0  |6 658_403800000000000_A103V  |7 0  |9 30770  |a 000001  |b 000001  |d 2025-05-17  |o 658.4038 A103V  |p MD.23890  |r 2025-05-17  |v 269000.00  |w 2025-05-17  |y BK 
980 |a Thư viện Trường Đại học Nam Cần Thơ